| 000 | 00965cam a2200229 4500 | ||
|---|---|---|---|
| 001 | WB3917-15 | ||
| 008 | 030508n2003 000 0 eng u | ||
| 035 | _a(Sirsi) u122215 | ||
| 245 | _aProposed EU measures for control of foot and mouth | ||
| 260 | _c2003 | ||
| 490 |
_aRICS Rural Faculty News _v 6 May 2003 (1) |
||
| 520 | _aRICS has responded to the DEFRA consultation on the proposed EU Directive on Community measures for the control of foot and mouth. RICS highlights the importance of the availability of vaccine for emergency use as well as adequate treatment of meat and milk products. http://www.rics.org/ricscms/bin/show?class=News&template=/includes/shownews.html&id=5668&faculty=Rural&faculty=All Faculties | ||
| 590 | _aWB | ||
| 650 | _aDEFRA | ||
| 650 | _aCONSULTATION PAPERS | ||
| 650 | _aFOOT-AND-MOUTH DISEASE | ||
| 650 | _aEC DIRECTIVES | ||
| 650 | _aREGULATIONS | ||
| 650 | _aVACCINATIONS | ||
| 690 |
_aRural _96268 |
||
| 942 | _n0 | ||
| 999 |
_c72635 _d72635 |
||